Statistics for Classical Music- Piano/Challenging

Click here to take the quiz!

General Stats

  • This quiz has been taken 683 times
  • The average score is 9 of 18

Answer Stats

HintAnswer% Correct
Adagio in B minor, Variations on "Twinkle, Twinkle, Little Star"Wolfgang Amadeus Mozart
92%
Italian Concerto, 2-Part InventionsJohann Sebastian Bach
82%
Gnoissiennes, GymnopediesErik Satie
80%
Ballade in G minor, Three EcossaisesFrederick Francois Chopin
78%
Variations in C minor, Rage Over a Lost PennyLudwig Van Beethoven
75%
Annees de Pelerinage (Years of Pilgrmage), Mephisto WaltzesFranz Liszt
71%
The Sunken Cathedral, Girl with the Flaxen Hair (both are preludes)Claude Debussy
66%
Visions Fugitives, Peter and the Wolf, Opus 67 arranged by composerSergei Prokofieff
58%
Miroirs, Le Tombeau de CouperinMaurice Ravel
55%
Rhapsody in G minor; Seven Fantasies, Opus 116Johannes Brahms
49%
Carnaval, KreislerianaRobert Schumann
48%
Suite in G minor, Opus 5; Suite in C major, Opus 17 (both for 2 pianos)Sergei Rachmaninoff
44%
Rumanian Folk Dances, MikrokosmosBela Bartok
43%
Variations in F minor, 32 Pieces for Musical ClockFranz Joseph Haydn
43%
The Cat and the Mouse, Saturday Night Waltz (from Rodeo)Aaron Copland
34%
Woodland Sketches, Scotch PoemEdward MacDowell
12%
Canciones y Danses, SuburbisFederico Mompou
7%
The White Peacock, Fountain of the Acgua PaolaCharles Tomlinson Griffes
5%

Score Distribution

Percentile by Number Answered

Percent of People with Each Score

Your Score History

You have not taken this quiz